000 00661nam a2200241Ia 4500
003 OSt
005 20220928113604.0
006 a|||||r|||| 00| 0
007 ta
008 220927b |||||||| |||| 00| 0 eng d
024 _a78123
037 _cTextual
040 _aSDCL
_cSDCL
_beng
041 _2eng
_aeng
082 _aI9B,5, P4
100 _aLersten Nels R
_9433945
245 0 _aFlowering plant embryology with emphasis on economic species.
260 _aOxford
_bBlackwell
_c2004
300 _avii,212p
_ccm.
650 _aPlant Embryology
_9433946
942 _hI9B,5, P4
_cTEXL
_2CC
999 _c750348
_d750348